Match Van Gogh's Paintings - Statistics

General Stats
  • This quiz has been taken 158 times
  • The average score is 77 of 81
Answer Stats
Question Tile Select % Correct
The Starry Night (1889) No
99%
The Starry Night (1889) No
98%
The Starry Night (1889) No
98%
The Starry Night (1889) No
98%
The Starry Night (1889) No
98%
The Starry Night (1889) No
98%
The Starry Night (1889) No
98%
Starry Night Over the Rhodes (1888) No
98%
Starry Night Over the Rhodes (1888) No
98%
Starry Night Over the Rhodes (1888) No
98%
Starry Night Over the Rhodes (1888) No
98%
Almond Blossoms (1890) No
97%
Almond Blossoms (1890) No
97%
Almond Blossoms (1890) No
97%
Starry Night Over the Rhodes (1888) No
97%
Starry Night Over the Rhodes (1888) No
97%
Irises (1889) No
97%
Irises (1889) No
97%
Irises (1889) No
97%
Irises (1889) No
97%
Cafe Terrace at Night (1888) No
97%
Cafe Terrace at Night (1888) No
97%
Cafe Terrace at Night (1888) No
97%
Cafe Terrace at Night (1888) No
97%
Cafe Terrace at Night (1888) No
97%
Cafe Terrace at Night (1888) No
97%
The Starry Night (1889) Yes
96%
Almond Blossoms (1890) No
96%
Bedroom in Arles (1888) No
96%
Bedroom in Arles (1888) No
96%
Bedroom in Arles (1888) No
96%
Bedroom in Arles (1888) No
96%
Bedroom in Arles (1888) No
96%
Starry Night Over the Rhodes (1888) No
96%
Irises (1889) No
96%
Vase with Twelve Sunflowers (1888) No
96%
Vase with Twelve Sunflowers (1888) No
96%
Vase with Twelve Sunflowers (1888) No
96%
Vase with Twelve Sunflowers (1888) Yes
96%
Vase with Twelve Sunflowers (1888) No
96%
Vase with Twelve Sunflowers (1888) No
96%
Vase with Twelve Sunflowers (1888) No
96%
Vase with Twelve Sunflowers (1888) No
96%
Vase with Twelve Sunflowers (1888) No
96%
Cafe Terrace at Night (1888) No
96%
Cafe Terrace at Night (1888) No
96%
Almond Blossoms (1890) No
95%
Almond Blossoms (1890) No
95%
Almond Blossoms (1890) No
95%
Bedroom in Arles (1888) No
95%
Bedroom in Arles (1888) No
95%
Bedroom in Arles (1888) Yes
95%
Bedroom in Arles (1888) No
95%
Irises (1889) No
95%
Irises (1889) No
95%
Van Gogh Self-Portrait (1889) No
95%
Van Gogh Self-Portrait (1889) No
95%
Van Gogh Self-Portrait (1889) No
95%
Van Gogh Self-Portrait (1889) No
95%
Van Gogh Self-Portrait (1889) Yes
95%
Van Gogh Self-Portrait (1889) No
95%
Van Gogh Self-Portrait (1889) No
95%
Van Gogh Self-Portrait (1889) No
95%
Van Gogh Self-Portrait (1889) No
95%
Cafe Terrace at Night (1888) Yes
95%
Wheatfield with Crows (1890) No
95%
Wheatfield with Crows (1890) No
95%
Wheatfield with Crows (1890) No
95%
Wheatfield with Crows (1890) No
95%
Wheatfield with Crows (1890) No
95%
Wheatfield with Crows (1890) No
95%
Wheatfield with Crows (1890) No
94%
Wheatfield with Crows (1890) No
94%
Starry Night Over the Rhodes (1888) Yes
93%
Starry Night Over the Rhodes (1888) No
92%
The Starry Night (1889) No
91%
Wheatfield with Crows (1890) Yes
91%
Almond Blossoms (1890) No
90%
Irises (1889) No
89%
Irises (1889) Yes
88%
Almond Blossoms (1890) Yes
85%
No matching quizzes found
Score Distribution
Percent of People with Each Score
Percentile by Number Answered
Your Score History
You have not taken this quiz